Dostavba prieluky, Radlinského ulica, Bratislava

Guardado en:
Detalles Bibliográficos
Autor principal: Wesserlová, Monika (Autor)
Otros Autores: Hrašková, Nadežda (Orientador)
Formato: Manuscrito Libro
Lenguaje:eslovaco
Publicado: Bratislava 2022
Materias:
Acceso en línea:http://is.stuba.sk/zp/portal_zp.pl?podrobnosti=152654
Etiquetas: Agregar Etiqueta
Sin Etiquetas, Sea el primero en etiquetar este registro!

MARC

LEADER 00000ntm a22000003a 4500
001 stuzp89406
003 SK-STU
005 20221025120612.2
007 ta
008 150427s2015----xo-----f-mn---000-0-slo-d
040 |a STU  |b slo 
041 0 |a slo 
100 1 |a Wesserlová, Monika  |u 053130  |4 aut  |U FAD Fakulta architektúry a dizajnu  |T FAD Ústav dejín a teórie architektúry a obnovy pamiatok  |X 99277  |U A3130  |Y 394  |7 99277 
242 0 1 |a Gap Building, Radlinského Street, Bratislava  |y eng 
245 1 0 |a Dostavba prieluky, Radlinského ulica, Bratislava 
260 |c 2022  |a Bratislava 
650 4 |a výtvarnosť  |2 slo 
650 4 |a študentské voľnočasové centrum  |2 slo 
650 4 |a prieluka  |2 slo 
650 4 |a aktívne a pasívne priestory  |2 slo 
650 4 |a záhrada  |2 slo 
650 4 |a architektúra  |2 slo 
650 4 |a active and passive spaces  |2 eng 
650 4 |a art  |2 eng 
650 4 |a garden  |2 eng 
650 4 |a student leisure center  |2 eng 
650 4 |a architecture  |2 eng 
650 4 |a gap  |2 eng 
700 1 |a Hrašková, Nadežda  |u 053130  |k Z8  |4 ths  |U FAD Fakulta architektúry a dizajnu  |T FAD Ústav dejín a teórie architektúry a obnovy pamiatok  |X 498  |U A3130  |Y 394  |7 A000000498 
856 4 |u http://is.stuba.sk/zp/portal_zp.pl?podrobnosti=152654  |u https://opac.crzp.sk/?fn=detailBiblioForm&sid=62A48EA6D8C294D559C8B3542714